Cómo hacer móviles (Registro nro. 189)

Detalles MARC
000 - LÍDER
campo de control de longitud fija 00834nam a2200265Ia 4500
005 - FECHA Y HORA DE LA ÚLTIMA TRANSACCIÓN
campo de control 20210727152955.0
008 - ELEMENTOS DE DATOS DE LONGITUD FIJA - INFORMACIÓN GENERAL
campo de control de longitud fija 121119s1993 sp ao gr 000 0 spa
020 ## - INTERNATIONAL STANDARD BOOK NUMBER
International Standard Book Number 8432983101
041 ## - CÓDIGO DE LENGUAJE
Código de idioma de texto / pista de sonido o título separado spa
082 04 - NÚMERO DE CLASIFICACIÓN DECIMAL DEWEY
Número de clasificación 731.55
Número de artículo S24c
040 ## - FUENTE DE CATALOGACIÓN
Agencia de catalogación original CO-BoRNBP
Lenguaje de catalogación spa
Descripción convenciones rda
Agencia de transcripción CO-BoRNBP
100 1# - ENTRADA PRINCIPAL - NOMBRE PERSONAL
Nombre de la persona Schegger, Therésia M.
Término del Relator autora
245 10 - TÍTULO DECLARACIÓN
Título Cómo hacer móviles
Declaración de responsabilidad Schegger, Therésia M
250 ## - DECLARACIÓN DE EDICIÓN
Sentencia de edición Sexta edición
264 #1 - AVISO DE PRODUCCIÓN, PUBLICACIÓN, DISTRIBUCIÓN, FABRICACIÓN Y DERECHOS DE AUTOR
Lugar de producción Barcelona
Nombre del productor Ceac
Fecha de producción 1993
300 ## - DESCRIPCIÓN FÍSICA
Alcance 48 páginas
Otros datos físicos fotografías e ilustraciones en blanco y negro
336 ## - TIPO DE CONTENIDO
Tipo de contenido texto
Código de tipo de contenido txt
Fuente rdacontent
337 ## - TIPO DE MEDIO
Término del tipo de medio sin mediación
Código de tipo de medio n
Fuente rdamedia
338 ## - TIPO DE PORTADOR
Término del tipo de operador volumen
Código de tipo de operador nc
Fuente rdacarrier
490 ## - DECLARACIÓN EN SERIE
Estado de cuenta de la serie Colección cómo hacerlo
650 14 - ENTRADA DE SUJETO AÑADIDO - TÉRMINO TÓPICO
Fuente del título o término LEMB
Término tópico o elemento de entrada del nombre geográfico Juguetes
Subdivisión de forma Manuales
650 14 - ENTRADA DE SUJETO AÑADIDO - TÉRMINO TÓPICO
Fuente del título o término LEMB
Término tópico o elemento de entrada del nombre geográfico Artesanías
Subdivisión general Enseñanza
650 14 - ENTRADA DE SUJETO AÑADIDO - TÉRMINO TÓPICO
Fuente del título o término LEMB
Término tópico o elemento de entrada del nombre geográfico Trabajos manuales
Subdivisión general Educación
942 ## - ELEMENTOS DE ENTRADA AGREGADOS (KOHA)
Fuente de clasificación o esquema de estanterías Dewey Decimal Classification
Tipo de artículo Koha Libro
Existencias
Estado de retirada Pérdida de estatus Fuente de clasificación o esquema de estanterías Estado dañado No para préstamo Código de recogida Ubicación permanente Ubicación actual Ubicación de las estanterías Fecha de adquisición Fuente de adquisición Número Topográfico Código de barras Precio efectivo desde Número de copia Fecha de la última vez que se vio Tipo de artículo Koha Total de Cajas
    Dewey Decimal Classification     General Biblioteca Pública Municipal Francisco Jaramillo Ochoa Biblioteca Pública Municipal Francisco Jaramillo Ochoa Área General 10/11/2022 Dotación MinCultura IBNC 731.55 S24c LAVI10 - 0714 10/11/2022 Ej. 1 10/11/2022 Libro  
    Dewey Decimal Classification     General Biblioteca Pública Municipal José Eusebio Caro Biblioteca Pública Municipal José Eusebio Caro Área General 29/05/2023 Dotación MinCultura y BNC 731.55 S13c SANP16 - 0648 29/05/2023 Ej.1 29/05/2023 Libro  
    Dewey Decimal Classification     General Biblioteca Pública Municipal Juan XXIII Biblioteca Pública Municipal Juan XXIII Área General 01/03/2023   731.55 S24c BAL02-1491 01/03/2023 Ej.1 01/03/2023 Libro  
    Dewey Decimal Classification     General Biblioteca Pública Municipal de Guática Biblioteca Pública Municipal de Guática Área General 12/07/2023 Dotación Ministerio de cultura 731.55 S24c GUA07-1025 12/07/2023 Ej. 1 12/07/2023 Libro